Statistics for June 29th: Birthdays

Click here to take the quiz!

General Stats

  • This quiz has been taken 3 times
  • The average score is 1 of 7

Answer Stats

YearClueAnswer% Correct
1943Artist of LocomotionLittle Eva
100%
1936Baseball player for the Minnesota TwinsHarmon Killebrew
33%
1986Participated in The X FactorAustin Drage
0%
19792008 Olympic GoldMarleen Veldhuis
0%
1893Birthday is "National Statistics Day"Prasanta Mahalanobis
0%
1947Actor in Anything But LoveRichard Lewis
0%
1930Actor in the GodfatherRobert Evans
0%

Score Distribution

Percentile by Number Answered

Percent of People with Each Score

Your Score History

You have not taken this quiz